000 00301 a2200157 4500
001 172390
020 _a
040 _cMagnum
100 _aAlmeida, Zelia
240 1 0 _aLa-vamos-nos
_lpor
245 1 0 _aLa-vamos-nos
362 0 _a1899
440 1 _aDimensão
697 _aI/GERAL
942 _cBK
999 _c172390
_d172390